Seis conferencias en torno al Día Mundial del Teatro. (Record no. 140617)

MARC details
000 -LEADER
campo de control de longitud fija 00856nam a2200217 4500
001 - NÚMERO DE CONTROL
campo de control 140617
003 - IDENTIFICADOR DE NÚMERO DE CONTROL
campo de control ES-MaACL
005 - FECHA Y HORA DE LA ÚLTIMA TRANSACCIÓN
campo de control 20250824053811.0
007 - CAMPO FIJO DE DESCRIPCIÓN FÍSICA--INFORMACIÓN GENERAL
campo de control de longitud fija t|
008 - DATOS DE LONGITUD FIJA--INFORMACIÓN GENERAL
campo de control de longitud fija 070214s1973 sp r ||||1| spa d
245 00 - MENCIÓN DEL TÍTULO
Título Seis conferencias en torno al Día Mundial del Teatro.
260 ## - PUBLICACIÓN, DISTRIBUCIÓN, ETC.
Lugar de publicación, distribución, etc. Madrid :
Nombre del editor, distribuidor, etc. [Ministerio de Información y Turismo],
Fecha de publicación, distribución, etc. 1973.
300 ## - DESCRIPCIÓN FÍSICA
Extensión 96 p. :
Otras características físicas il. ;
Dimensiones 25 cm.
490 1# - MENCIÓN DE SERIE
Mención de serie Col. Monográfica del Centro Español del Instituto Internacional de Teatro
710 2# - ENTRADA AGREGADA--NOMBRE DE ENTIDAD CORPORATIVA
Nombre de entidad corporativa o nombre de jurisdicción como elemento de entrada Instituto Internacional del Teatro.
Unidad subordinada Centro Español.
9 (RLIN) 2733
710 1# - ENTRADA AGREGADA--NOMBRE DE ENTIDAD CORPORATIVA
Nombre de entidad corporativa o nombre de jurisdicción como elemento de entrada España.
Unidad subordinada Ministerio de Información y Turismo
9 (RLIN) 3886
830 00 - PUNTO DE ACCESO ADICIONAL DE SERIE-TÍTULO UNIFORME
Título uniforme Colección monográfica del Centro Español del Instituto Internacional de Teatro
9 (RLIN) 220344
852 ## - LOCALIZACIÓN
Ubicación ES-MaACL
Número de control de estantería E-6009
Sublocalización o colección R.90638
852 ## - LOCALIZACIÓN
Ubicación ES-MaACL
Número de control de estantería E-5830
Sublocalización o colección R.90637
Holdings
Estatus retirado Estado de pérdida Estado de daño No para préstamo Biblioteca de origen Biblioteca actual Ubicación en estantería Fecha de adquisición Fuente de adquisición Total de préstamos Signatura topográfica completa Código de barras Visto por última vez Precio de reemplazo Tipo de ítem Koha
        Biblioteca del Ateneo de Madrid Biblioteca del Ateneo de Madrid Depósito 2 17/01/2008     E-5830 1146328 23/02/2023 23/02/2023 Libro impreso
        Biblioteca del Ateneo de Madrid Biblioteca del Ateneo de Madrid Depósito 2 17/01/2008     E-6009 1146327 23/02/2023 23/02/2023 Libro impreso